000 00328 a2200157 4500
001 58341
020 _a
040 _cAnchieta - Pituba
100 _aAndrade, Carlos Drummond de
240 1 0 _aBoca de luar
_lpor
245 1 0 _aBoca de luar
300 _a200
362 0 _a1984
650 4 _aFicção brasileira
942 _cBK
999 _c58341
_d58341